000 00763nam a2200205Ia 4500
008 0000001994 cn az 0000000000eng00
020 _a821222392
090 _aPSP00 P31p
100 1 _aPicasso, Pablo
_d1881
245 1 0 _aPablo Picasso
_b: landscapes 1890-1912, from the academy to the Avantgarde
_c/ under the direction of María Teresa Ocaña
300 _a342 p.
_c/ 29 cm.
500 _aCon el patronazgo del maestro venezolano Jesús Rafael Soto (q.e.p.d.)
600 0 0 _a PICASSO, PABLO, 18811973/
_xTRABAJOS PICTORICOS
650 1 4 _a PINTURA ESPAÑOLA
650 1 4 _xCATALOGOS
650 1 4 _aPINTORES ESPAÑOLES
650 1 4 _aPINTURA DE PAISAJES
700 1 _aOcaña, María Teresa
999 _c630
_d630
260 _aLondon : A Bulfinch Press Book
_c1994